000 00911nam a2200241Ia 4500
999 _c40007
_d40007
001 6613
003 GE_BSU
005 20191206144743.0
008 181216s2007||||ge |||||||||||||| ||geo||
020 _a 9789994090921
040 _cGE_BSU
041 _ageo
080 _a821.353.1.09 ა-63
100 _aჯალაღონია, ნოდარ
_95697
245 _aპოეტი-მამულიშვილი :
_bნოდარ ჯალაღონია /
_cრედ: ჯემალ, შონია.
264 _aთბილისი :
_bზანი,
_c2007.
300 _a85 გვ. ;
_b20 სმ.
600 _aჯალაღონია ნოდარ
_95698
653 _aქართველი პოეტები
653 _aჯალაღონია ნოდარ
700 _aშონია, ჯემალ
_eრედაქტორი
_95699
942 _cBK
_2udc